LEADER 01006nam0-2200361---450- 001 990009382610403321 005 20120604191509.0 035 $a000938261 035 $aFED01000938261 035 $a(Aleph)000938261FED01 035 $a000938261 100 $a20110621d1947----km-y0itay50------ba 101 0 $aita 102 $aIT 105 $a--------001yy 200 1 $aAnatomia degli animali domestici$fAngelo Cesare Bruni, Umberto Zimmerl 210 $aMilano$cF. Vallardi$d1947 215 $a2 v.$d24 cm 610 0 $aAnatomia veterinaria 676 $a636.089 1 700 1$aBruni,$bAngelo Cesare$077205 701 1$aZimmerl,$bUmberto$0356410 801 0$aIT$bUNINA$gRICA$2UNIMARC 901 $aBK 912 $a990009382610403321 952 $aIIIc C 26-1$b2060$fDMVSF 952 $aIIIc C 26-2$b2061$fDMVSF 952 $aB16.1$b3021$fDMVCC 952 $aB16.2$bs.i.$fDMVCC 959 $aDMVSF 959 $aDMVCC 996 $aAnatomia degli animali domestici$9408755 997 $aUNINA LEADER 01311nam0-2200337---450- 001 990008755660403321 005 20081114095934.0 035 $a000875566 035 $aFED01000875566 035 $a(Aleph)000875566FED01 035 $a000875566 100 $a20081113d1989----km-y0itay50------ba 101 0 $aita 102 $aIT 105 $aa-------001yy 200 1 $a<>ballo in maschera$emelodramma in tre atti$fdi Antonio Somma da Eugene Scribe$gmusica di Giuseppe Verdi 210 $aParma$cGrafiche Step$d1989 215 $a143, [11] p.$cill.$d24 cm 300 $aContiene: scritti di G. Marchesi, M. Pieri, D. Courir, M.Conati, G. Gualerzi, R. Celletti, E. Stinchelli, M. Capra, E. Guglielmi, A, Campori, P. Samaritani, A. Dallatomasina, cronologia delle rappresentazioni, organico del coro e dell'orchestra, la trama dell'opera, il libretto dell'opera 610 0 $aVerdi, Giuseppe. Un ballo in maschera$aProgrammi di sala 676 $a782.10 700 1$aVerdi,$bGiuseppe$f<1813-1901>$0155873 701 1$aSomma,$bAntonio$f<1809-1865>$0215250 702 1$aScribe,$bEugène 801 0$aIT$bUNINA$gRICA$2UNIMARC 901 $aBK 912 $a990008755660403321 952 $a782.10 VER 7$b6879 Bibl.$fFLFBC 959 $aFLFBC 996 $aBallo in maschera$9720018 997 $aUNINA LEADER 00722nam0-22002771i-450- 001 990003946200403321 010 $a0-7083-1299-3 035 $a000394620 035 $aFED01000394620 035 $a(Aleph)000394620FED01 035 $a000394620 100 $a20030313d1995----km-y0itay50------ba 101 0 $acnd 102 $aCND 200 1 $aState and status 205 $aUniversity of Wales 210 $aCardiff 215 $a502 p.$d23 cm 700 1$aClark,$bSamuel$0148543 801 0$aIT$bUNINA$gRICA$2UNIMARC 901 $aBK 912 $a990003946200403321 952 $aN05.765$b$b$b$b$b$b$b$b$b$b$b$b$b$b$b$b$b$b$b$b$b$b1631$fDECTS 959 $aDECTS 996 $aState and status$9511050 997 $aUNINA